000 00911nam a2200337Ia 4500
001 4551
005 20240113233743.0
007 ta
008 050613s1994 a g b000 u asm u
020 _cHB
040 _aCotton College,Assam
041 _aasm
_hasm
082 _a891.413
_bBh 469 Go
100 _aBharali, Sailen .
245 0 _aGador Pratiksha /
_cSailen Bharali.
_hTextual Documents
250 _a1st ed. /
260 _aGuwahati :
_bBani Prakash Pvt Ltd ,
_c1994.
300 _a64p. :
_bill. ;
_c22cm .
500 _aIt is an Assamese translation of Waiting of Godot by Samual Backet
653 _aAssamese Novel
653 _aAssamese Literature
653 _aAssamese Fiction
653 _aPG-Assamese
653 _aG-Assamese
700 _aBackett, Samuel .
942 _2ddc
_cBK
999 _c4538
_d4538